| 000 | 00652nam a2200241Ia 4500 | ||
|---|---|---|---|
| 001 | 22576 | ||
| 003 | GE_BSU | ||
| 008 | 181216s||||||||xx |||||||||||||| ||und|| | ||
| 020 | _a9783193019028 | ||
| 040 | _cGE_BSU | ||
| 080 | _a811.112.1 | ||
| 100 | _aHabersack, Charlotte, Angela Pude und Franz Specht | ||
| 245 | _aMenschen A2/1: Deutsch als Fremdsprache/Kursbuch | ||
| 260 | _aMunchen | ||
| 260 | _bHueber Verlag | ||
| 260 | _c2013 | ||
| 300 | _a100p;ill;29cm | ||
| 300 | _b+1CD-Rom A2.1 | ||
| 541 | _h42gel. | ||
| 653 | _aMenschen A2/1: Deutsch als Fremdsprache/Kursbuch | ||
| 653 | _aგერმანული ენა | ||
| 942 | _cBK | ||
| 999 |
_c55494 _d55494 |
||